Top 10 Presenze Salernitana All-Time - Statistics

Statistiche generali
  • Questo quiz è stato fatto 11 volte
  • Il punteggio medio è 2 su 10
Statistiche sulle risposte
Presenze Nazione Calciatore % Corretto
240 Italia Roberto Breda
70%
252 Italia Luca Fusco
60%
150 Italia Alessandro Tuia
10%
173 Italia Claudio Grimaudo
10%
156 Italia Dino Fragni
0%
173 Italia Evans Soligo
0%
169 Italia Francesco Tudisco
0%
168 Italia Giuseppe Valsecchi
0%
166 Italia Marcello Taccola
0%
149 Italia Vincenzo Urbani
0%
Nessun quiz corrispondente trovato
Distribuzione punteggi
Percentuale di utenti per punteggio
Percentile per numero di risposta
I tuoi punteggi nel tempo
Non hai fatto questo quiz